| 000 | 00640cam a2200253 a 4500 | ||
|---|---|---|---|
| 001 | 072 | ||
| 003 | DO-SdBNP | ||
| 005 | 20180202114455.0 | ||
| 007 | 072 | ||
| 008 | 841203s 1988 sp 000 f spa d | ||
| 020 | _a8435601323 (o. c.) | ||
| 020 | _a8435601293 | ||
| 040 |
_aBPMSU _cspa _dBPMSU |
||
| 082 | 4 |
_a823.5 _bD314r |
|
| 100 | 1 | _aDefoe, Daniel | |
| 245 | 1 | 3 |
_aRobinson Crusoe / _cDaniel Defoe |
| 260 |
_aBarcelona: _bRoma; _c[1988] |
||
| 300 |
_a113 p. ; _bil. _c19 cm. |
||
| 490 | 1 | _aBiblioteca juvenil Albor | |
| 830 | 0 |
_aBiblioteca juvenil Albor _v3 |
|
| 942 |
_2ddc _cBK |
||
| 945 | _aInventariado, 2017/MFF | ||
| 956 | _aYngrid Lockward | ||
| 999 |
_c8488 _d8488 |
||